| 000 | 00964pam a2200289 a 4500 | ||
|---|---|---|---|
| 001 | 3132 | ||
| 005 | 20240208100324.0 | ||
| 020 |
_a0590442457 _c$11.89 |
||
| 040 |
_aDLC _cDLC _dDLC _beng |
||
| 050 | 0 | 0 |
_aPZ8.3.B815 _b 1989 |
| 082 | 0 | 0 | _2630 |
| 100 | 1 |
_aBrown, Margaret Wise _d1910-1952. |
|
| 245 | 1 | 0 |
_aBig red barn / _c Brown, Margaret Wise ; pictures by Bond, Felicia |
| 250 | _aFirst Scholastic printing , October 1990 | ||
| 260 |
_aNew York : _bScholastic , _c1989 |
||
| 300 |
_a31 unnumbered pages : _bcol. ill. ; _c25 cm. |
||
| 505 | _aJ | ||
| 520 | _aRhymed text and illustrations introduce the many different animals that live in the big red barn. | ||
| 521 |
_a490
_bLexile |
||
| 521 |
_aJ
_bRaz-Plus |
||
| 650 | 1 |
_aDomestic animals _xFiction. |
|
| 650 | 1 |
_aFarm life _xFiction. |
|
| 650 | 1 | _aStories in rhyme. | |
| 700 | 1 |
_aBond, Felicia _eillustrator |
|
| 906 |
_a7 _bcbc _corignew _d1 _eocip _f19 _gy-gencatlg |
||
| 942 |
_2ddc _cBK _n0 |
||
| 999 |
_c3132 _d3132 |
||